000 00329pab a2200145 454500
008 180718b1997 xxu||||| |||| 00| 0 eng d
100 _aIlaiah, Kancha
245 _aGaddar: embodying many institutions
260 _c1997
300 _ap.32-35
362 _aAug
650 _aBiographies
773 _aSeminar
909 _a34685
999 _c34685
_d34685